• 首页
  • 本馆介绍
  • 公告通知
  • 最新文献
  • 馆藏检索
  • 电子资源
  • 读者导购
  • 参考咨询
  • 我的图书馆
  • 登录
  • 详细信息显示
  • 放入我的书架
  • 预约/预借图书
  • 作者相关作品
  • 分类相关作品
  • 丛书相关作品
  • 出版社相关作品

书目信息

  • 表格格式
  • 工作单格式
  • 卡片格式
题名:
教思录
    
 
作者: 刘斌 著
分册:  
出版信息: 长春   吉林人民出版社  2019
页数: 190页
开本: 21cm
丛书名:
单 册:
中图分类: G633.302 , I217.62
科图分类:
主题词: 语文课--yu wen ke--教学研究--中等专业学校 , 中国文学--zhong guo wen xue--当代文学--作品集
电子资源:
ISBN: 978-7-206-14149-2
000 01089nam0 2200289 45
001 012001002777
005 20131030172756.0
010    @a978-7-206-14149-2@dCNY28.00
099    @aCAL 012019053880
100    @a20171102d2017 em y0chiy50 ea
101 0  @achi
102    @aCN@b220000
105    @aa z 000zy
106    @ar
200 1  @a教思录@Ajiao si lu@e刘斌教学与创作文集@f刘斌著
210    @a长春@c吉林人民出版社@d2019
215    @a190页@c图@d21cm
314    @a刘斌, 中国音乐著作权协会会员等职。
330    @a本书收集了作者近三十年中职语文教学的实践体验和业余创作, 主要包括: 教学与思辨、心路思语、鲁西南的歌三个部分。全书十六万余字, 洋洋洒洒的记录了一个中职教育工作者在职业教育生涯中的孜孜以求和不断探索、不断进取的历程。
517 1  @a刘斌教学与创作文集@Aliu bin jiao xue yu chuang zuo wen ji
606 0  @a语文课@Ayu wen ke@x教学研究@x中等专业学校
606 0  @a中国文学@Azhong guo wen xue@x当代文学@x作品集
690    @aG633.302@v4
690    @aI217.62@v4
701  0 @a刘斌@Aliu bin@4著
801  0 @aCN@b江苏凤凰@c20191020
905    @b1230584-7@dG633.302@e727@f4
    
    教思录:刘斌教学与创作文集/刘斌著.-长春:吉林人民出版社,2019
    190页:图;21cm
    
    
    ISBN 978-7-206-14149-2:CNY28.00
    本书收集了作者近三十年中职语文教学的实践体验和业余创作, 主要包括: 教学与思辨、心路思语、鲁西南的歌三个部分。全书十六万余字, 洋洋洒洒的记录了一个中职教育工作者在职业教育生涯中的孜孜以求和不断探索、不断进取的历程。
●
相关链接 在E读中查询图书 在五车中查询图书 在当当中查询图书 在豆瓣中查询图书


正题名:教思录     索取号:G633.302/727         预约/预借

序号 登录号 条形码 馆藏地/架位号 状态 备注
1 1230584   212305842   第一样本阅览室/ [索取号:G633.302/727] 在馆    
2 1230585   212305851   教育系资料室/ [索取号:G633.302/727] 在馆    
3 1230586   212305860   教育系资料室/ [索取号:G633.302/727] 在馆    
4 1230587   212305879   第四借阅区/ [索取号:G633.302/727] 在馆    
唐山师范学院图书馆 欢迎您!
大连网信软件有限公司© 版权所有